| 000 | 00408nam a2200181Ia 4500 | ||
|---|---|---|---|
| 001 | 23788 | ||
| 005 | 20260414151000.0 | ||
| 008 | 260414t2004||||xx |||||||||||||| ||spa|| | ||
| 041 | _aESP | ||
| 082 |
_a709.04042 _bW78 |
||
| 100 |
_aNorbert, Wolf _eAUT |
||
| 245 | 0 |
_aExpresionismo _b |
|
| 260 | _c2004 | ||
| 300 |
_a958 páginas : _ccm. |
||
| 650 | _aABD | ||
| 654 | _aCAU | ||
| 942 |
_cLIB _dJUS _fJUS _2ddc _n |
||
| 999 |
_c23788 _d23788 |
||